000
00337nam a2200133Ia 4500
008
150509s9999 xx 000 0 und d
082
_a
PAM 363.8392 SIN
245
_a
Single and pregnant
260
_a
London:
260
_b
One Parent Families
260
_c
1985
300
_a
30 p. ; 21cm
650
_a
Social problemsUnmarried mothers
999
_c
6781
_d
6781